Latin Roots - Table 1 - Statistics

General Stats
  • This quiz has been taken 4 times
  • The average score is 5 of 20
Answer Stats
Hint Answer % Correct
other (of two) ALTER
100%
art, skill ART
67%
part PART
67%
word VERB
67%
other, of another ALI, ALIEN
33%
body CORP, CORPOR
33%
shape FORM
33%
strong FORT
33%
crowd, common people VULG
33%
bitter, sharp, sour ACER, ACR, ACERB
0%
to lead DUC, DUCT
0%
heavy GRAV, GRIEV
0%
to cast, throw JAC, JECT
0%
to play LUD, LUS
0%
mind MENT, MIN
0%
to send MIT, MITT, MIS, MISS
0%
to put, place PON, POS
0%
to come VEN, VENT
0%
to turn VERS, VERT
0%
to call; voice VOC, VOK
0%
No matching quizzes found
Score Distribution
Percent of People with Each Score
Percentile by Number Answered
Your Score History
You have not taken this quiz